000 01169nam a2200301 a 4500
001 C01461178c-5
003 CO-ViMGA
005 20230915233133.0
008 150219s2014 ck gr 0001p spa d
020 _a9789585833814
040 _aCO-ViMGA
_bspa
_cCO-ViMGA
043 _as-ck---
082 0 4 _a928
_bQ84t1
_219
100 1 _aQuintero Ossa, Róbinson,
_d1959-
_93479
240 1 0 _aAntioquia-Bibliografía regional
245 1 0 _a13 entrevistas a 13 poemas colombianos [& una conversación imaginaria] /
_cRobinson Quintero Ossa.
246 3 0 _aTrece entrevistas a trece poemas colombianos [y una conversación imaginaria]
250 _aSegunda edición /
_bedición Luz Eugenia Sierra.
260 _aBogotá :
_bLetra a Letra :
_bMinisterio de Cultura,
_c2014.
300 _a234 páginas ;
_c20 cm.
600 1 4 _aQuintero Ossa, Róbinson,
_d1959-
_v Entrevistas.
_93480
650 1 4 _aImaginación.
_93483
650 1 4 _aPoesía colombiana.
_9163
650 1 4 _aPoesía colombiana
_x Historia y crítica.
_93482
650 1 4 _aPoetas colombianos
_x Crítica e interpretación.
_93481
700 1 _aSierra, Luz Eugenia,
_eeditora.
_93484
942 _2ddc
_cBK
999 _c35544
_d35544